<?xml version="1.0" encoding="UTF-8"?><?xml-stylesheet type="text/xsl" href="static/style.xsl"?><OAI-PMH xmlns="http://www.openarchives.org/OAI/2.0/" xmlns:xsi="http://www.w3.org/2001/XMLSchema-instance" xsi:schemaLocation="http://www.openarchives.org/OAI/2.0/ http://www.openarchives.org/OAI/2.0/OAI-PMH.xsd"><responseDate>2026-04-14T15:40:35Z</responseDate><request verb="GetRecord" identifier="oai:uvadoc.uva.es:10324/10994" metadataPrefix="marc">https://uvadoc.uva.es/oai/request</request><GetRecord><record><header><identifier>oai:uvadoc.uva.es:10324/10994</identifier><datestamp>2021-06-30T07:24:15Z</datestamp><setSpec>com_10324_5196</setSpec><setSpec>com_10324_5186</setSpec><setSpec>com_10324_29291</setSpec><setSpec>col_10324_7554</setSpec></header><metadata><record xmlns="http://www.loc.gov/MARC21/slim" xmlns:doc="http://www.lyncode.com/xoai" xmlns:xsi="http://www.w3.org/2001/XMLSchema-instance" xmlns:dcterms="http://purl.org/dc/terms/" xsi:schemaLocation="http://www.loc.gov/MARC21/slim http://www.loc.gov/standards/marcxml/schema/MARC21slim.xsd">
<leader>00925njm 22002777a 4500</leader>
<datafield tag="042" ind1=" " ind2=" ">
<subfield code="a">dc</subfield>
</datafield>
<datafield tag="720" ind1=" " ind2=" ">
<subfield code="a">Martín Valls, Ricardo</subfield>
<subfield code="e">author</subfield>
</datafield>
<datafield tag="260" ind1=" " ind2=" ">
<subfield code="c">1990</subfield>
</datafield>
<datafield tag="024" ind2=" " ind1="8">
<subfield code="a">Boletín del Seminario de Estudios de Arte y Arqueología: BSAA, 1990, N.56, pags.144-169</subfield>
</datafield>
<datafield tag="024" ind2=" " ind1="8">
<subfield code="a">0210-9573</subfield>
</datafield>
<datafield tag="024" ind2=" " ind1="8">
<subfield code="a">http://uvadoc.uva.es/handle/10324/10994</subfield>
</datafield>
<datafield tag="024" ind2=" " ind1="8">
<subfield code="a">144</subfield>
</datafield>
<datafield tag="024" ind2=" " ind1="8">
<subfield code="a">56</subfield>
</datafield>
<datafield tag="024" ind2=" " ind1="8">
<subfield code="a">169</subfield>
</datafield>
<datafield tag="024" ind2=" " ind1="8">
<subfield code="a">Boletín del Seminario de Estudios de Arte y Arqueología: BSAA</subfield>
</datafield>
<datafield ind1=" " ind2=" " tag="653">
<subfield code="a">Arte</subfield>
</datafield>
<datafield ind1=" " ind2=" " tag="653">
<subfield code="a">Arqueología</subfield>
</datafield>
<datafield tag="245" ind1="0" ind2="0">
<subfield code="a">Los «simpula» celtibéricos</subfield>
</datafield>
</record></metadata></record></GetRecord></OAI-PMH>